Les 100 marques les plus puissantes du monde en 2024 - Statistiques

Statistiques générales
  • Ce quiz a été pris 238 fois
  • Le résultat moyen est 15 sur 100
Statistiques - réponses
Hint Réponse % Correct
1 Apple
86%
51 Samsung
77%
27 Nike
74%
4 Amazon
68%
2 Google
67%
3 Microsoft
67%
26 Tesla
59%
8 Facebook
57%
12 Louis Vuitton
53%
15 Coca-cola
47%
76 Gucci
46%
13 Instagram
44%
80 BMW
40%
5 Mc Donald's
39%
89 SONY
38%
36 Chanel
37%
70 Zara
37%
31 Youtube
36%
17 Hermès
35%
35 Tiktok
34%
66 Toyota
34%
71 Huawei
26%
75 KFC
26%
49 Disney
25%
23 Netflix
25%
83 Mercedes-Benz
22%
86 IKEA
20%
28 Alibaba
17%
48 Intel
17%
30 Starbucks
15%
16 IBM
13%
79 PayPal
13%
84 Redbull
13%
29 Walmart
13%
11 Mastercard
12%
61 UBER
12%
7 Visa
12%
6 Nvidia
11%
32 LinkedIn
10%
19 Adobe
9%
33 UPS
9%
54 XBOX
9%
68 Siemens
8%
55 American Express
7%
98 HSBC
7%
9 Oracle
7%
10 Tencent
7%
100 Corona
6%
99 DHL
6%
59 J.P Morgan
6%
39 SAP
6%
20 Accenture
5%
38 Cisco
5%
85 FedEX
5%
41 AMD
4%
34 Costco
4%
95 Budweiser
3%
91 ALDI
2%
14 Aramco
2%
22 AT&T
2%
97 Bank of America
2%
78 Exxonmobil
2%
56 L'Oréal Paris
2%
37 Marlboro
2%
42 Salesforce
2%
92 Lululemon
1%
64 RBC
1%
77 TD
1%
25 Telekom/T-Mobile
1%
50 Texas Instrument
1%
24 The Home Depot
1%
21 Verizon
1%
93 Vodafone
1%
65 Wells Fargo
1%
44 ADP
0%
73 Airtel
0%
69 BCA
0%
62 Chase
0%
63 China Mobile
0%
82 Commbank
0%
81 Dell Technologies
0%
58 Haier
0%
47 HDFC Bank
0%
67 ICBC
0%
74 Infosis
0%
43 Intuit
0%
72 Lowe's
0%
57 Mercado Libre
0%
18 Moutai
0%
96 Nongfu Spring
0%
87 NTT
0%
94 Pinduoduo
0%
90 Ping An
0%
40 Qualcomm
0%
53 Servicenow
0%
52 Spectrum
0%
46 TCS
0%
60 Unitedhealthcare
0%
88 VMWare
0%
45 Xfinity
0%
Aucun quiz correspondant
Distribution des résultats
% des personnes avec chaque résultat
Percentile par nombre de réponses
Votre historique - résultats
Vous n’avez pas pris ce quiz